Duden Fremdwörterbuch

Gespeichert in:
Bibliographische Detailangaben
Format: Buch
Sprache:Deutsch
Veröffentlicht: Mannheim Dudenverlag 2001
Ausgabe:7. neu bearb. und erw. Aufl.
Schriftenreihe:Der Duden in 12 Bänder
Schlagworte:
Tags: Tag hinzufügen
Keine Tags, Fügen Sie das erste Tag hinzu!

MARC

LEADER 00000nam$a2200000$$$4500
001 0168483
005 20240315123131.9
020 |a 3-411-04057-2 
041 0 |a ger 
044 |a DE 
245 1 0 |a Duden  |b Fremdwörterbuch 
250 |a 7. neu bearb. und erw. Aufl. 
264 1 |a Mannheim  |b Dudenverlag  |c 2001 
300 |a 1056 s. 
490 1 |a Der Duden in 12 Bänder 
830 0 |a Der Duden in 12 Bänder 
610 2 0 |a jazykoveda 
610 2 0 |a terminológia